MARC

LEADER 00000nam0a2200000 4500
001 265275
005 20231101233915.0
035 |a (RuTPU)RU\TPU\book\288276 
090 |a 265275 
100 |a 20140625d1976 k y0rusy50 ca 
101 0 |a rus 
102 |a RU 
105 |a a z 001zy 
200 1 |a Теплофизические свойства жидкостей  |e сборник статей  |f Академия наук СССР (АН СССР), Научный совет по комплексной проблеме "Теплофизика" ; отв. ред. А. З. Голик 
210 |a Москва  |c Наука  |d 1976 
215 |a 163 с.  |c ил. 
320 |a Библиогр. в конце ст. 
606 1 |a Жидкости  |x Теплофизические свойства  |2 stltpush  |3 (RuTPU)RU\TPU\subj\69366  |9 84242 
610 1 |a углеводороды 
610 1 |a вода 
610 1 |a тяжелая вода 
610 1 |a фреоны 
610 1 |a теплофизические свойства 
610 1 |a нефти 
610 1 |a теоретические расчеты 
610 1 |a теплопроводность 
675 |a 536.22  |v 3 
702 1 |a Голик  |b А. З.  |g Александр Захарович  |4 340 
712 0 2 |a Академия наук СССР (АН СССР)  |b Научный совет по комплексной проблеме "Теплофизика"  |2 stltpush  |3 (RuTPU)RU\TPU\col\722 
801 1 |a RU  |b 63413507  |c 20140625 
801 2 |a RU  |b 63413507  |c 20210209  |g RCR 
942 |c BK